Investments : (Record no. 345425)
[ view plain ]
| 000 -LEADER | |
|---|---|
| fixed length control field | 01188 a2200241 4500 |
| 020 ## - INTERNATIONAL STANDARD BOOK NUMBER | |
| International Standard Book Number | 0324380151 |
| 020 ## - INTERNATIONAL STANDARD BOOK NUMBER | |
| International Standard Book Number | 9780324380156 |
| 082 04 - DEWEY DECIMAL CLASSIFICATION NUMBER | |
| Classification number | 332 |
| 090 ## - LOCALLY ASSIGNED LC-TYPE CALL NUMBER (OCLC); LOCAL CALL NUMBER (RLIN) | |
| -- | 2935 |
| -- | 2935 |
| 100 1# - MAIN ENTRY--PERSONAL NAME | |
| Personal name | Mayo, Herbert B. |
| 245 10 - TITLE STATEMENT | |
| Title | Investments : |
| Remainder of title | an introduction / |
| Statement of responsibility, etc. | Herbert B. Mayo. |
| 250 ## - EDITION STATEMENT | |
| Edition statement | 8th ed. |
| 260 ## - PUBLICATION, DISTRIBUTION, ETC. | |
| Place of publication, distribution, etc. | [S.l.] : |
| Name of publisher, distributor, etc. | South-Western College Pub, |
| Date of publication, distribution, etc. | 2005. |
| 300 ## - PHYSICAL DESCRIPTION | |
| Extent | 912 p. ; |
| Dimensions | 27 cm. |
| 490 1# - SERIES STATEMENT | |
| Series statement | With thomson one - business school edition and stock-trak coupon. |
| 500 ## - GENERAL NOTE | |
| General note | Student Edition. |
| 500 ## - GENERAL NOTE | |
| General note | Hardcover. |
| 520 ## - SUMMARY, ETC. | |
| Summary, etc. | Ideal if you have a limited math background INVESTMENTS: AN INTRODUCTION and its accompany access to the online Thomson ONE Business School Edition online resource center focuses on the individual financial planner, features a Financial Advisor's Investment Case at the end of each chapter, and incorporates the use of financial calculators. |
| 830 #0 - SERIES ADDED ENTRY--UNIFORM TITLE | |
| Uniform title | With thomson one - business school edition and stock-trak coupon. |
| 856 40 - ELECTRONIC LOCATION AND ACCESS | |
| Materials specified | Amazon.com |
| Uniform Resource Identifier | <a href="http://www.amazon.com/exec/obidos/ASIN/0324380151/chopaconline-20">http://www.amazon.com/exec/obidos/ASIN/0324380151/chopaconline-20</a> |
| 856 40 - ELECTRONIC LOCATION AND ACCESS | |
| Materials specified | Amazon customer reviews |
| Uniform Resource Identifier | <a href="http://www.chopac.org/cgi-bin/tools/azrev.pl?q=0324380151">http://www.chopac.org/cgi-bin/tools/azrev.pl?q=0324380151</a> |
| 942 ## - ADDED ENTRY ELEMENTS (KOHA) | |
| Institution code [OBSOLETE] | NBS |
| Koha item type | Book |
| Call number prefix | 332.6 MAY |
| Withdrawn status | Lost status | Damaged status | Not for loan | Permanent Location | Current Location | Date acquired | Total Checkouts | Full call number | Barcode | Date last seen | Date last checked out | Price effective from | Koha item type |
|---|---|---|---|---|---|---|---|---|---|---|---|---|---|
| Central Library (CL) | Central Library (CL) | 08/28/2013 | 2 | 332.6 MAY | NBS7243 | 11/22/2017 | 08/04/2017 | 08/28/2013 | Book |
